00457nam a22001452 4500001001100000005001700011008004100028040001500069050002100084110004900105245007100154260003100225300001100256651004400267000000169620151217155813.0070322s xx 000 0 eng d aKABUcKABU 0aHC865b.G74 19612 aGreat Britain.bColonial Office.@000015065610aReport on the Colony and Protectorate of Kenya for the year 1961-. aLondon :bH.M.S.O.,c1962. a210 p. 0aKenyaxEconomic conditions.@0000148722